भारतायनः (Record no. 52680)

MARC details
000 -LEADER
fixed length control field 02261nam a22003377a 4500
005 - DATE AND TIME OF LATEST TRANSACTION
control field 20080918163843.0
008 - FIXED-LENGTH DATA ELEMENTS--GENERAL INFORMATION
fixed length control field 080918t xxu||||| |||| 00| 0 hin d
010 ## - LCCN (DPL NO)
LC control number HIN-92805-06
020 ## - INTERNATIONAL STANDARD BOOK NUMBER
Terms of availability 500.00
035 ## - SYSTEM CONTROL NUMBER
System control number HN-65151-52
037 ## - SOURCE OF ACQUISITION
Source of stock number/acquisition DBAD / PUB
040 ## - CATALOGING SOURCE
Original cataloging agency DPL
Language of cataloging HN
082 ## - DEWEY DECIMAL CLASSIFICATION NUMBER
Classification number 306.095403
100 ## - MAIN ENTRY--PERSONAL NAME
9 (RLIN) 747
245 ## - TITLE STATEMENT
Title भारतायनः
Statement of responsibility, etc प्रज्ञा भारती एवं वासुदेव पोद्दार द्वारा संपादित
Remainder of title भारतीय संस्कृति विचार कोश /
260 ## - PUBLICATION, DISTRIBUTION, ETC. (IMPRINT)
Place of publication, distribution, etc कोलकाता
Name of publisher, distributor, etc रायबहादुर विश्वेश्वरलाल मोतीलाल हलवासिया ट्रस्ट
Date of publication, distribution, etc 2008
270 ## - ADDRESS
Address 15, महाराणा प्रताप सरणी (इण्डिया एस्सचेंज प्लेस)
City कोलकाता
Postal code 700001
Telephone number 22301520
300 ## - PHYSICAL DESCRIPTION
Extent 2भाग (506-1023पृ.)
Dimensions 25सेमी (सजिल्द)
Other physical details रंगीन फोटो
490 ## - SERIES STATEMENT
Series statement कीर्त्तिशेष पुरूषोत्तमदास हलवासिया एवं श्यामसुन्दर हलवासियाः स्मृति-ग्रन्थ
-- 29188
500 ## - GENERAL NOTE
General note 2 भागों में प्रकाशित
650 ## - SUBJECT ADDED ENTRY--TOPICAL TERM
9 (RLIN) 697
650 ## - SUBJECT ADDED ENTRY--TOPICAL TERM
9 (RLIN) 698
700 ## - ADDED ENTRY--PERSONAL NAME
9 (RLIN) 27881
Personal name पोद्दार, वासुदेव
700 ## - ADDED ENTRY--PERSONAL NAME
9 (RLIN) 27882
700 ## - ADDED ENTRY--PERSONAL NAME
9 (RLIN) 27883
942 ## - ADDED ENTRY ELEMENTS (KOHA)
Source of classification or shelving scheme Dewey Decimal Classification
Item type Hindi Books
Call number suffix भारता
Classification part 306.095403
Holdings
Withdrawn status Lost status Source of classification or shelving scheme Materials specified (bound volume or other part) Damaged status Not for loan Home library Current library Date acquired Source of acquisition Cost, normal purchase price Total Checkouts Full call number Barcode Date last seen Copy number Cost, replacement price Koha item type Collection code
    Dewey Decimal Classification भाग-1   Not For Loan D.B.Act.Division D.B.Act.Division 01/06/2011 DBAD / PUB 500.00   306.095403 भारता HN-65151 01/06/2011 1 500.00 Hindi Books  
    Dewey Decimal Classification भाग-2   Not For Loan D.B.Act.Division D.B.Act.Division 01/06/2011 DBAD / PUB 500.00   306.095403 भारता HN-65152 01/06/2011 1 500.00 Hindi Books Non-fiction

© Delhi Public Library
Hit Counter
free hit counter